000 00721cab a2200229 4500
001 WB3405-29
008 090401t1998 xxu||||| |||| 00| 0 eng d
035 _a(Sirsi) u83517
041 _aeng
245 _aFall in Total Income From Farming
260 _c1998
350 _a0
490 _aMAFF Statistics
_vStats 20/98 30 January 1998, (4)
520 _aTotal Income From Farming fell 37 per cent in real terms over 1997, and agricultural gross output was 11 per cent lower than for 1996, according to latest MAFF statistics. Tables.
650 _aFARM INCOMES
650 _aFARM OUTPUT
650 _aPRODUCTIVITY
650 _aSTATISTICS
690 _aRURAL PRACTICE
942 _n0
948 _c04/02/1998
999 _c52748
_d52748